|
|
|
|
| LEADER |
01738nam a2200481Ia 4500 |
| 001 |
EBC981698 |
| 003 |
MiAaPQ |
| 005 |
20200520144314.0 |
| 006 |
m o d | |
| 007 |
cr cn||||||||| |
| 008 |
111013s2012 nyua sb 001 0 eng d |
| 010 |
|
|
|z 2011042686
|
| 020 |
|
|
|z 0203121457
|
| 020 |
|
|
|z 0415504007
|
| 020 |
|
|
|z 0415504015
|
| 020 |
|
|
|z 9780203121450
|
| 020 |
|
|
|z 9780415504003
|
| 020 |
|
|
|z 9780415504010
|
| 035 |
|
|
|a (MiAaPQ)EBC981698
|
| 035 |
|
|
|a (Au-PeEL)EBL981698
|
| 035 |
|
|
|a (CaPaEBR)ebr10572212
|
| 035 |
|
|
|a (CaONFJC)MIL368693
|
| 035 |
|
|
|a (OCoLC)804665773
|
| 040 |
|
|
|a MiAaPQ
|c MiAaPQ
|d MiAaPQ
|
| 050 |
|
4 |
|a HC427.95
|b .G87 2012
|
| 082 |
0 |
4 |
|a 337.51
|2 23
|
| 100 |
1 |
|
|a Guthrie, Doug,
|d 1969-
|
| 245 |
1 |
0 |
|a China and globalization
|h [electronic resource] :
|b the social, economic, and political transformation of Chinese society /
|c Doug Guthrie.
|
| 250 |
|
|
|a 3rd ed.
|
| 260 |
|
|
|a New York :
|b Routledge,
|c 2012.
|
| 300 |
|
|
|a xv, 344 p. :
|b ill.
|
| 504 |
|
|
|a Includes bibliographical references and index.
|
| 533 |
|
|
|a Electronic reproduction. Ann Arbor, MI : ProQuest, 2015. Available via World Wide Web. Access may be limited to ProQuest affiliated libraries.
|
| 651 |
|
0 |
|a China
|x History
|y 21st century.
|
| 651 |
|
0 |
|a China
|x Economic conditions
|y 2000-
|
| 651 |
|
0 |
|a China
|x Economic conditions
|y 1976-2000.
|
| 651 |
|
0 |
|a China
|x Social conditions
|y 2000-
|
| 651 |
|
0 |
|a China
|x Social conditions
|y 1976-2000.
|
| 651 |
|
0 |
|a China
|x Politics and government
|y 2002-
|
| 651 |
|
0 |
|a China
|x Politics and government
|y 1976-2002.
|
| 655 |
|
4 |
|a Electronic books.
|
| 710 |
2 |
|
|a ProQuest (Firm)
|
| 856 |
4 |
0 |
|u https://ebookcentral.proquest.com/lib/matrademy/detail.action?docID=981698
|z Click to View
|